Science (Hindi) (Record no. 2420)

MARC details
000 -LEADER
fixed length control field 00234nam a22000857a 4500
008 - FIXED-LENGTH DATA ELEMENTS--GENERAL INFORMATION
fixed length control field 160714b xxu||||| |||| 00| 0 eng d
100 ## - MAIN ENTRY--PERSONAL NAME
9 (RLIN) 2826
Personal name Aggarwal (Hindi)
245 ## - TITLE STATEMENT
Title Science (Hindi)
260 ## - PUBLICATION, DISTRIBUTION, ETC. (IMPRINT)
Place of publication, distribution, etc. New Delhi
Name of publisher, distributor, etc. Vikram Park Publication
Date of publication, distribution, etc. 2010
Holdings
Withdrawn status Lost status Source of classification or shelving scheme Damaged status Not for loan Home library Current library Shelving location Date acquired Total Checkouts Full call number Barcode Date last seen Date last checked out Price effective from Koha item type
    Dewey Decimal Classification     Good Samaritan School Library Good Samaritan School Library HINDI 07/14/2016 2 500 AGA11812 07/27/2018 07/20/2018 07/14/2016 BOOK

Powered by Koha